On This Day: September 3rd Quiz Stats

 Plays Quiz Updated Sep 3, 2017

Challenge
Share
Tweet
Embed
Score 0/7 Timer 03:00
0 Plays Today
Question Answer Wrong Answers
France, the United Kingdom, New Zealand, and Australia declare war on Germany after the invasion of ______, forming the Allies.
1939
Poland
93.1%
Belarus
1.4%
Switzerland
2.2%
Slovenia
1.1%
‘Nino’ Farina becomes the first ______ Drivers' champion after winning the 1950 Italian Grand Prix.
1950
Formula One
87.8%
Stock Car
5.4%
Rally Car
2.8%
Dragster
1.2%
This American snowboarder and skateboarder, nicknamed ‘The Flying Tomato’, is born.
1986
Shaun White
82.2%
Ryan Sheckler
6.2%
Bob Burnquist
4%
Rob Dyrdek
4.2%
The American Revolutionary War ends with the signing of the Treaty of ______ by the United States and the Kingdom of Great Britain.
1783
Paris
70.3%
London
10.5%
Vienna
9.3%
New York
9.9%
This abolitionist, writer, and statesman escapes from slavery in Maryland.
1838
Frederick Douglass
69.6%
Booker T. Washington
17%
W. E. B. Du Bois
9.5%
Olaudah Equiano
2.3%
Russia and this nation agree to de-target their nuclear weapons against each other.
1994
China
65.7%
Japan
8.8%
India
5.5%
United Kingdom
16.4%
This former British protectorate on the Persian Gulf becomes an independent state.
1971
Qatar
52.3%
Yemen
22.6%
Jordan
15.5%
Iran
6.4%

Today's Daily Dose

Word Ladder
Homophones Ate

Quick Pick
RGB Colors

On This Day
August 18th II

You're not logged in!

Compare scores with friends on all Sporcle quizzes.
Join for Free
OR
Log In

You Might Also Like...

Show Comments

Extras

Top Quizzes Today


Score Distribution

Your Account Isn't Verified!

In order to create a playlist on Sporcle, you need to verify the email address you used during registration. Go to your Sporcle Settings to finish the process.

Report this User

Report this user for behavior that violates our Community Guidelines.

Details: